000
00292nam a22001337a 4500
008
170209b xxu||||| |||| 00| 0 eng d
020
_a
9780262133630
041
_a
eng
080
_a
61
100
_a
4
101
_a
shm
245
_a
AN ODD KIND OF FAME
_c
MALCOLM MACMILLAN
942
_2
udc
_c
BK
999
_c
5003
_d
5003